| 000 | 00571 a2200217 4500 | ||
|---|---|---|---|
| 005 | 20260113125100.0 | ||
| 008 | 260113b |||||||| |||| 00| 0 eng d | ||
| 020 |
_a9789360744595 _cRs. 425.00 |
||
| 040 | _aMAIN | ||
| 082 |
_a363.7 _bK167P(8) |
||
| 100 | _aKaushik, Anubha | ||
| 245 | _aPerspectives in environmental studies | ||
| 250 | _a8th | ||
| 260 |
_bNew Age International _aNew Delhi _c2025 |
||
| 300 | _axviii, 334 | ||
| 650 | _aEnvironmental Science | ||
| 650 | _aNatural Resources | ||
| 650 | _aEco system | ||
| 700 | _aKaushik, C P | ||
| 942 | _cBK | ||
| 999 |
_c393247 _d393247 |
||